Liste des 23 - Equipe d'Espagne - EURO 2008 - Statistiques

Statistiques générales
  • Ce quiz a été pris 143 fois
  • Le résultat moyen est 13 sur 24
Statistiques - réponses
Poste Numéro Joueurs Club % Correct
G 1 Iker Casillas Real Madrid
98%
MC 6 Andrés Iniesta FC Barcelone
95%
MC 8 Xavi FC Barcelone
95%
DD 15 Sergio Ramos Real Madrid
94%
BU 7 David Villa Valence CF
92%
BU 9 Fernando Torres Liverpool FC
92%
DC 5 Carles Puyol FC Barcelone
91%
MDC 14 Xabi Alonso Liverpool FC
83%
G 23 Pepe Reina Liverpool FC
78%
MOC 10 Cesc Fàbregas Arsenal
76%
MOC 21 David Silva Valence CF
60%
DG 11 Joan Capdevila Villarreal CF
53%
DD 18 Álvaro Arbeloa Liverpool FC
52%
MC 12 Santiago Cazorla Villarreal CF
48%
DC 2 Raúl Albiol Valence CF
46%
MDC 19 Marcos Senna Villarreal CF
44%
SEL / Luis Aragonés /
33%
DC 4 Carlos Marchena Valence CF
23%
AT 17 Daniel Güiza RCD Majorque
23%
MC 22 Rubén de la Red Getafe CF
20%
G 13 Andrés Palop FC Séville
17%
AT 16 Sergio García Betis Seville
11%
DC 20 Juanito Betis Seville
9%
DG 3 Fernando Navarro RCD Majorque
5%
Aucun quiz correspondant
Distribution des résultats
% des personnes avec chaque résultat
Percentile par nombre de réponses
Votre historique - résultats
Vous n’avez pas pris ce quiz